Učebnice Solidworks /
Gespeichert in:
| 1. Verfasser: | |
|---|---|
| Format: | Buch |
| Sprache: | Tschechisch |
| Veröffentlicht: |
Brno
Nová média s.r.o.
2020
|
| Ausgabe: | 2.vyd. |
| Tags: |
Keine Tags, Fügen Sie das erste Tag hinzu!
|
MARC
| LEADER | 00000nam a22000003a 4500 | ||
|---|---|---|---|
| 001 | 0091752 | ||
| 003 | SK-STU | ||
| 005 | 20211125113324.8 | ||
| 007 | ta | ||
| 008 | 211125s ----xo-----e------000-0-----d | ||
| 020 | |a 978-80-270-8730-3 | ||
| 040 | |a STU |b slo | ||
| 041 | 0 | |a cze |h cze | |
| 100 | 1 | |a Pagáč, Marek |4 aut | |
| 245 | 1 | 0 | |a Učebnice |b Solidworks / |c aut. Marek Pagáč |
| 250 | |a 2.vyd. | ||
| 260 | |a Brno |b Nová média s.r.o. |c 2020 | ||
| 300 | |a 416 s. | ||
| 996 | |b 284J046672 |c J* 119073 |l JJSK |s A |a 24 |w 0091752_0001 | ||